| 000 | 01795nam a2200349 4500 | ||
|---|---|---|---|
| 001 | 395 | ||
| 003 | OSt | ||
| 005 | 20250414160803.0 | ||
| 008 | 250414b |||||||e |||| 00| 0 eng d | ||
| 020 | _a8522102600 | ||
| 040 | _bpor | ||
| 041 |
_hpor _aeng |
||
| 082 |
_a150.7 _bN994t |
||
| 100 | 1 |
_aNye, Robert D., _d1934- _9838 |
|
| 240 | _aThree psychologies : perspectives from Freud, Skinner, and Rogers | ||
| 245 |
_aTrês Psicologias : _bIdeias de Freud, Skinner e Rogers / _cNye, Robert D. ; Tradução de Robert Brian Taylor |
||
| 250 | _a6 ° edição | ||
| 260 |
_aSão Paulo _b Pioneira Thomson Learning _c2002 |
||
| 300 | _a195 p. | ||
| 520 | _aAs principais idéias de Freud, Skinner e Rogers têm estado há décadas conosco, sem no entanto envelhecer. Ainda atraem a atenção, causam debate, estimulam pesquisas, críticas e louvor. Na verdade, a abordagem psicanalítica de Freud, o behaviorismo radical de Skinner e os pontos de vista humanistas de Rogers constituem três psicologias diferentes. De forma simples e objetiva, este livro apresenta e compara as principais idéias de três homens que contribuíram imensamente para o pensamento psicológico contemporâneo. Estudantes, professores e profissionais encontrarão nesta obra farto material para auxiliar na compreensão e reflexão sobre o comportamento humano. | ||
| 650 | 0 |
_aPsicologia _9831 |
|
| 650 | 0 |
_aPsicologia Comportamental _9868 |
|
| 650 | 0 |
_aPsicologia Humanística _9869 |
|
| 650 | 0 |
_aPsicanálise _9839 |
|
| 650 | 0 |
_aFreud, Sigmund – Teorias _9840 |
|
| 650 | 0 |
_aSkinner, B. F. – Teorias _9841 |
|
| 650 | 0 |
_aRogers, Carl – Teorias _9842 |
|
| 655 | 0 |
_aNão Ficção _9102 |
|
| 655 | 0 |
_aTécnico-científico _9835 |
|
| 700 |
_aRobert Brian Taylor _9843 _eTRADUTOR |
||
| 942 |
_2ddc _n0 _cBK |
||
| 999 |
_c395 _d395 |
||